000 01752cam a2200493 a 4500
001 22036
003 VRT
005 20260318091459.0
008 240314s2012 xo g 000 f slo
015 _aSNBA2012/08-04567
020 _a9788055127385
_q(viaz.)
035 _aDDDC416E-83A7-486E-A0DD-857D0BC469B4
035 _aurn:nbn:sk:snk-amjk03
035 _aurn:nbn:sk:snk-am001sqv
039 9 _a202403141502
_bVLOAD
_c202401081249
_dAUTHORITY
_c201508271423
_dVLOAD
_c201508271052
_dVLOAD
040 _aPOKPOH
_bslo
_cPOKPOH
_dSVKBB
_dSNK
_eAACR2
041 1 _aslo
_heng
044 _axo
_cSK
072 7 _a821.111(73)-3
_xAmerická próza
_2konspekt
080 _a821.111(73)-31
_22001
080 _a(0:82-311.6)
_22001
080 _a(0:82-312.5)
_22001
100 1 _aMartin, Kat,
_d1947-
_4aut
240 1 0 _aRule's bride
_lSlovensky
245 1 0 _aRulova nevesta
_cKat Martinová ; [z anglického originálu preložil Milan Kopecký]
250 _a[1. vyd.]
260 _aBratislava
_bIkar
_c2012
300 _a255 s.
_c21 cm
655 7 _aamerické romány
_2SNKPH
655 7 _ahistorické romány
_2SNKPH
655 7 _aľúbostné romány
_2SNKPH
655 7 _aAmerican fiction
_2SNKPHeng
655 7 _aHistorical novels
_2SNKPHeng
655 7 _aLove novels
_2SNKPHeng
700 1 _aKopecký, Milan,
_d1984-
_4trl
942 _2ddc
_cKLDO
_n0
949 _6273K0574299
_asvkpoA 222290
_bsvkpo575868
949 _6270001000396920
_asvkbbA 134126
_bsvkbbm 725389
949 _617A0895979
_asnkSC 145265/3
_bsnk2012/6936
_o645/12
949 _617A0886178
_asnkSC 145265/3 D1
_bsnk2012/7781
_o645/12
949 _62889184650
_asavukPV 16341
_bsavuk2012/2237
980 _a821.111(73)-31
999 _c22036
_d22036